000
00242nam a2200109Ia 4500
999
_c
8028
_d
8028
020
_a
978-0130914293
100
_a
William Stallings
245
0
_a
Cryptography and Network Security
260
_a
India
_b
AJA
_c
1990
300
_a
853
942
_c
BK